Países Mais Próximos de Chéquia - Statistics

Estatísticas Gerais
  • Esse quiz foi jogado 58 vezes
  • A pontuação média é 18 de 20
Estatísticas das Respostas
km país % Correto
0 Polônia
100%
0 Alemanha
98%
0 Eslováquia
98%
200 Eslovénia
96%
0 Áustria
94%
371 Bósnia e Herzegovina
94%
313 França
94%
218 Itália
92%
401 Luxemburgo
92%
429 Países Baixos
92%
404 Bélgica
90%
234 Croácia
90%
70 Hungria
90%
314 Suíça
90%
334 Liechtenstein
88%
330 Sérvia
88%
421 Dinamarca
86%
263 Ucrânia
84%
321 Romênia
82%
395 Bielorrússia
80%
Nenhum quiz correspondente encontrado
Distribuição das Pontuações
Porcentagem de Pessoas com Cada Pontuação
Percentil de Números Respondidos
Sua Pontuação Histórica
Você não jogou esse quiz